LEADER 01319nam1-22003731i-450- 001 990005400840203316 005 20010829120000.0 035 $a000540084 035 $aUSA01000540084 035 $a(ALEPH)000540084USA01 035 $a000540084 100 $a20010829d1984-------|0enac50------ba 101 $aeng 102 $aGB 105 $a||||Z 1|||| 200 1 $a<> Cambridge history of Latin America$fedited by Leslie Bethell 210 $dCambridge : Cambridge University Press. 5 v. ; 24 cm. 463 \1$1001990005406520203316$12001 $a<> colonial Latin America 463 \1$1001990005406530203316$12001 $a<> colonial Latin America 463 \1$1001990005406540203316$12001 $a<> from indipendence to c.1870 463 \1$1001990005406550203316$12001 $a<> c. 1870 to 1930 463 \1$1001990005406560203316$12001 $a<> c. 1870 to 1930 606 $aAmerica Latina$xGeografia$xStoria$2FI 620 $dCambridge 676 $a980$cStoria generale dell'America Meridionale$v21 702 1$aBETHELL,$bLeslie 712 $aCambridge University Press 801 $aIT$bSOL$c20120104 912 $a990005400840203316 959 $aBK 969 $aDISES 979 $c20121027$lUSA01$h1531 996 $aCambridge history of Latin America$9768466 997 $aUNISA LEADER 01795nam 2200445 n 450 001 996394923403316 005 20221108091535.0 035 $a(CKB)4940000000121143 035 $a(EEBO)2248567913 035 $a(UnM)99842839e 035 $a(UnM)99842839 035 $a(EXLCZ)994940000000121143 100 $a19910528d1628 uy | 101 0 $aeng 135 $aurbn||||a|bb| 200 14$aThe anatomy of melancholy$b[electronic resource] $eWhat it is, with all the kinds causes, symptomes, prognostickes, & seuerall cures of it. In three partitions, with their severall sections, members & subsections. Philosophically, medicinally, historically, opened & cut up. By. Democritus Iunior. With a satyricall preface, conducing to the following discourse 205 $aThe thirde edition, corrected and augmented by the author. 210 $aOxford $cPrinted [by John Lichfield] for Henry Cripps$d1628 215 $a[8], 77, [7]; 79, 78-208, [4], 209-374, [2], 375-584, 583-646, [12] p 300 $aDemocritus Junior = Robert Burton. 300 $aThe title page is engraved and signed: C: le Blon. fe:. 300 $aPrinter's name from colophon. 300 $aThe actual text begins new pagination and register. 300 $aIncludes index. 300 $aWith a final errata leaf. 300 $aReproduction of the original in Cambridge University Library. 330 $aeebo-0021 606 $aMelancholy$vEarly works to 1800 615 0$aMelancholy 700 $aBurton$b Robert$f1577-1640.$0164192 702 $aLe Blon$b Christof$fd. 1665, 801 0$bCu-RivES 801 1$bCu-RivES 801 2$bUk-ES 801 2$bCStRLIN 801 2$bWaOLN 906 $aBOOK 912 $a996394923403316 996 $aAnatomy of melancholy$925859 997 $aUNISA